Fortnite OG POIs by Emojis - Statistics

General Stats
  • This quiz has been taken 66 times
    57 since last reset
  • The average score is 14 of 34
Answer Stats
Hint Answer % Correct
๐Ÿ… Tomato Town
98%
๐Ÿšฝ Flush Factory
95%
๐Ÿ” Greasy Grove
91%
โ›ฉ๏ธ Lucky Landing
88%
๐Ÿ•ณ๏ธโ˜„๏ธ Dusty Divot
72%
๐Ÿ™๏ธ๐Ÿ•™ Tilted Towers
70%
๐ŸŒฒ๐Ÿ•๏ธ Lonely Lodge
53%
๐Ÿœ๏ธ๐ŸŒด Paradise Palms
53%
๐Ÿกโšฝ๐ŸŽต Pleasant Park
53%
๐Ÿ”ฒ The Block
51%
โšฐ๏ธ๐Ÿฆ‡๐Ÿง›โ€โ™‚๏ธ Haunted Hills
49%
๐Ÿš—๐ŸŽฌ Risky Reels
49%
โ›ณ๐ŸŽพ Lazy Links
44%
๐ŸŒณ๐ŸŒณ๐ŸŒณ๐ŸŒณ Wailing Woods
44%
โ„๏ธ๐Ÿ›ฉ๏ธ Frosty Flights
42%
๐Ÿก๐ŸŒณ๐Ÿง‚ Salty Springs
42%
๐Ÿ”๏ธ๐ŸงŠ๐Ÿ‘๏ธ Polar Peak
33%
๐ŸŒพโ˜‚๏ธ Anarchy Acres
30%
โ›๏ธ๐Ÿž๏ธ๐ŸŒฒ Shifty Shafts
28%
๐ŸŒพโ›๏ธ๐Ÿšœ Fatal Fields
26%
๐Ÿ๏ธ๐Ÿ  Loot Lake
26%
๐Ÿฌ๐Ÿ›๏ธโ›ฒ Mega Mall
26%
๐Ÿ™๏ธ๐Ÿค ๐Ÿšซ๐Ÿ—๏ธ Tilted Town
26%
๐Ÿฆ™๐Ÿš— Junk Junction
23%
โš™๏ธ๐Ÿค–๐ŸŒ‹ Pressure Plant
23%
โ„๏ธ๐Ÿ•™ Happy Hamlet
21%
๐Ÿ๏ธโ›ต๐Ÿดโ€โ˜ ๏ธ Lazy Lagoon
21%
๐ŸŸ๐Ÿฌ๐Ÿ›’๐ŸŒฎ Retail Row
21%
๐ŸŒž๐Ÿ‘ฃ๐ŸŸง Sunny Steps
19%
โญ๐Ÿ˜๏ธโญ Starry Suburbs
16%
๐Ÿ๏ธโšก๐ŸŒ€๐ŸŸช Floating Island
14%
๐ŸŒณ๐ŸฆŸ๐Ÿ’ฉ๐ŸŒณ Moisty Mire
14%
๐ŸŒ†๐Ÿ—ก๏ธ๐Ÿ•™ Neo Tilted
12%
โš”๏ธ๐Ÿ”๏ธโ›ตโ„๏ธ Viking Village
5%
No matching quizzes found
Score Distribution
Percent of People with Each Score
Percentile by Number Answered
Your Score History
You have not taken this quiz since the last reset